| 000 | 00740nam a2200289Ia 4500 | ||
|---|---|---|---|
| 005 | 20260324111616.0 | ||
| 008 | 008 260324s9999 xx 000 0 eng d | ||
| 020 | _a9781003476238 | ||
| 037 | _aEBOOK | ||
| 040 | _aCRL | ||
| 040 | _beng | ||
| 040 | _cCRL | ||
| 041 | _2eng | ||
| 041 | _aeng | ||
| 084 | _qCRL | ||
| 100 |
_aHitesh Vasudev; Chander Prakash; Mohammad Khalid; Kavindra Kesari _91139268 |
||
| 245 | 0 | _aAdvanced Manufacturing Processes | |
| 245 | 0 | _bIntegration of Sustainable Approaches | |
| 260 | _bTaylor and Francis | ||
| 260 | _c2025 | ||
| 365 | _a | ||
| 365 | _b260 | ||
| 856 | _uhttp://www.taylorfrancis.com/books/9781003476238 | ||
| 942 | _cEBOOK | ||
| 999 |
_c1728147 _d1728147 |
||